Prof. G Ram Reddy Library

महाकवि भवभूति के नाटकों का भाषा-वैज्ञानिक अध्ययन (Record no. 192985)

MARC details
000 -LEADER
fixed length control field 00654nam a2200181Ia 4500
003 - CONTROL NUMBER IDENTIFIER
control field LDD
008 - FIXED-LENGTH DATA ELEMENTS--GENERAL INFORMATION
fixed length control field 190327s9999 xx 000 0 und d
020 ## - INTERNATIONAL STANDARD BOOK NUMBER
International Standard Book Number 9788189917791
Terms of availability 495
040 ## - CATALOGING SOURCE
Transcribing agency LDD
082 ## - DEWEY DECIMAL CLASSIFICATION NUMBER
Classification number 8S2.09 स7601म
100 ## - MAIN ENTRY--PERSONAL NAME
Personal name सहाय, साधना
245 #0 - TITLE STATEMENT
Title महाकवि भवभूति के नाटकों का भाषा-वैज्ञानिक अध्ययन
260 ## - PUBLICATION, DISTRIBUTION, ETC.
Place of publication, distribution, etc. नई दिल्ली
Name of publisher, distributor, etc. विश्वभारती पब्लिकेशन्स
Date of publication, distribution, etc. 2011
300 ## - PHYSICAL DESCRIPTION
Extent 143पृ.
500 ## - GENERAL NOTE
General note Gifted by : साधना सहाय
942 ## - ADDED ENTRY ELEMENTS (KOHA)
Source of classification or shelving scheme Dewey Decimal Classification
Koha item type Books
949 ## - LOCAL PROCESSING INFORMATION (OCLC)
a G014292
Holdings
Withdrawn status Lost status Source of classification or shelving scheme Damaged status Not for loan Home library Current library Date acquired Total Checkouts Full call number Barcode Date last seen Price effective from Koha item type
No   Dewey Decimal Classification     Library and Documentation Division Library and Documentation Division 03/27/2019   8S2.09 स7601म G014292 03/27/2019 03/27/2019 Books

© Prof. G Ram Reddy Centre Library, Indira Gandhi National Open University, Maidan Garhi, New Delhi, 110068
+91-011-29532797 | FAX+91-011-29533393 |